000 01523cam a2200409 a 4500
001 13171095
003 PILC
005 20150820154232.0
008 030306s2002 ph ab b i001 0 eng
010 _a 2002359191
020 _a9810475896
035 _a(DLC) 2002359191
037 _bLibrary of Congress -- Jakarta Overseas Office
_cP2,500.00
040 _aDLC
_cDLC
_dDLC
042 _alcode
043 _aas-----
050 0 0 _aDS 523
_b.C36 2002
100 1 _aCampbell, Bronwyn.
245 1 0 _aMuseum treasures of Southeast Asia /
_cwritten by Bronwyn Campbell ; edited by Shirlene Noordin ; photographed by Neal Oshima and Cheong Hock Cheun.
260 _a[Manila] :
_bProduced for the ASEAN Committee on Culture and Information,
_c2002.
300 _a192 pages :
_bcolor illustrations ;
_c28 cm.
500 _a"An artpostAsia book."
500 _aIncludes bibliographical references and index.
650 0 _aArt
_zSoutheast Asia.
650 0 _aMaterial culture
_zSoutheast Asia.
650 0 _aMaterial culture
_zSoutheast Asia
_vPictorial works.
651 0 _aSoutheast Asia
_xAntiquities.
651 0 _aSoutheast Asia
_xAntiquities
_vPictorial works.
651 0 _aSoutheast Asia
_xCivilization.
700 1 _aNoordin, Shirlene.
700 1 _aOshima, Neal M.
700 1 _aCheong, Hock Cheun.
710 2 _aASEAN Committee on Culture and Information.
906 _a7
_bcbc
_corigode
_d3
_encip
_f20
_gy-gencatlg
942 _2lcc
_cBK
999 _c288427
_d288427